MDQL
is popping MORE tags! Check the
thread
!
Quizzes
Events
Quiz Creation
Community
Videos
Private Events
Remove Ads
Sign In
Join for FREE
Feedback
Dark Mode
Quiz Categories
Sports
Geography
Music
Movies
Television
Just For Fun
Miscellaneous
History
Literature
Language
Science
Gaming
Entertainment
Religion
Holiday
For Kids
Quiz Lab
Recent
Popular Today
Quiz Kudos Today
Editor Picks
Curator Picks
Quizzes by...
Day
Popularity
Type
Ratings
Length
Year
Community
Subscriptions
Recent Discussions
Orange Saloon
Badges
Playlists
Quests
Create
Leaderboards
Showdown
Live 5
Trivia Bingo
Activity
Puzzle Library
Sporcle Events
Private Events
Virtual Trivia
Globe League
Become a Host
Pub Owners
SporcleCon
Opinionation
Our Games
Videos
Blog
Mobile Apps
Partnerships
Remove Ads and Go Orange
Feedback
Sports
Athletes
MLB
NBA
NHL
NFL
Soccer
Sports Teams
WWE
NCAA
Football
Premier League
Basketball
Baseball
Hockey
Golf
Tennis
Cricket
Rugby
Auto Racing
Olympics
World Cup
Sports
Athletes
MLB
NBA
NHL
NFL
Soccer
Sports Teams
WWE
NCAA
Football
Premier League
Basketball
Baseball
Hockey
Golf
Tennis
Cricket
Rugby
Auto Racing
Olympics
World Cup
Random Quiz
Search Sporcle
×
Quiz Lab
Quiz Lab
Sports
Soccer
Type in answers that appear in a list
Type in answers that appear in a list
Classic
Best Score? Go Orange.
Wembley International Goalscorers Stats
Can you name the Footballers (Soccer Players) to Score at the New Wembley in a Full International Match from May 2007?
By
CFCJoseph
10m
66 Questions
265 Plays
265 Plays
265 Plays
Comments
Comments
Give Quiz Kudos
Give Quiz Kudos
-
- Ratings
hide this ad
Replay
Link that replays current quiz
Next Quiz
Link to next quiz in quiz playlist
You Got
0%
They Got
Avg Score
32%
Avg Friend Score
Upgrade to see
Score Distribution
Jump to the score distribution portion of the page
Score
0/66
Timer
10:00
0
Plays Today
Team
Player
% Correct
England
Wayne Rooney
97.7%
England
Frank Lampard
94.7%
England
Steven Gerrard
94.7%
England
Harry Kane
88.4%
England
John Terry
87.9%
England
Peter Crouch
80.4%
England
Jermain Defoe
78.5%
England
Joe Cole
77.4%
England
Danny Welbeck
74.4%
England
Rio Ferdinand
72.1%
England
Glen Johnson
68.3%
Opponent
Alexis Sanchez
68.1%
England
Adam Johnson
67.9%
England
Daniel Sturridge
67.4%
England
Theo Walcott
66.7%
England
Michael Owen
64.9%
England
Raheem Sterling
64%
England
Dele Alli
64%
England
Jamie Vardy
60.5%
England
Emile Heskey
58.5%
Opponent
Arjen Robben
58%
England
Gary Cahill
58%
England
Ashley Young
57.7%
England
Rickie Lambert
57.2%
England
Gareth Barry
57%
England
Chris Smalling
47.7%
England
Andy Carroll
47.5%
England
Alex Oxlade-Chamberlain
46.6%
Opponent
Andriy Shevchenko
46.4%
Opponent
Asamoah Gyan
46%
Opponent
Karim Benzema
41.5%
England
Phil Jagielka
37.2%
England
Shaun Wright-Phillips
34.7%
Team
Player
% Correct
England
Andros Townsend
31.9%
Opponent
Fred
31.2%
England
Micah Richards
30.2%
Opponent
Klaas Jan Huntelaar
30.1%
Opponent
Milan Baros
29.8%
Opponent
Niko Kranjcar
29.4%
Opponent
Kenny Miller
27.5%
Opponent
Shane Long
26.1%
Opponent
Ivica Olic
26%
England
Ledley King
23.8%
England
Jermaine Jenas
23.4%
Opponent
Eduardo Da Silva
23.4%
Opponent
Per Mertesacker
22.5%
Opponent
James Morrison
21%
England
Wes Brown
20.4%
Opponent
Mladen Petric
17%
Opponent
Tranquilo Barnetta
16.6%
Opponent
Mohamed Zidan
14.3%
Opponent
Mathieu Valbuena
14%
Opponent
Yevhen Konoplyanka
11.4%
Opponent
Kevin Kuranyi
11.3%
England
Own Goal
10.9%
Opponent
Own Goal
10.9%
Opponent
Diego
10.6%
Opponent
Vincent Janssen
9.3%
Opponent
Christian Pander
7.5%
Opponent
Eren Derdiyok
6.8%
Opponent
Guillermo Franco
6.4%
Opponent
Luciano Narsingh
4.7%
Opponent
Marek Jankulovski
3%
Opponent
Zlatan Ljubijankic
2.3%
Opponent
Dejan Damjanovic
1.4%
Opponent
Zhambyl Kukeyev
0.4%
Quiz Playlist
Details
Report
Send in Message
Add To Playlist
Classic:
Type in answers that appear in a list
Last Updated: Feb 16, 2017
Quiz Scoreboard
CHALLENGE
Sign Up to Join the Scoreboard
Show All
Scores
Hide
Comments
May contain spoilers
Recently Published
Colored Red Africa Blitz
by spor1
Geography
30s
Find the 'City' Movie
by crazypaving
Movies
60s
5x2 Blitz: Bands
by SL_Kpop136
Music
30s
More to Explore
Quiz From the Vault
Featured Blog Post
14 Easter Pick-up Lines to Find Eggs With
hide this ad
You Might Also Like...
Tags
Soccer Quiz
2007
England
England Football
England Players
Goal Scorers
Goals Scored
International
Wembley
Today's Top Quizzes in Sports
Browse Sports
hide this ad
Today's Top Quizzes in Soccer
Browse Soccer
Top Contributed Quizzes in Sports
1
Les entraîneurs de l'OM et du PSG au 21e siècle
2
Les meilleurs buteurs des matchs entre le PSG et l’OM
3
Les joueurs passés par le PSG et l'OM
4
Players with Multiple 50 Home Run Seasons
5
2022 World Cup Stars
6
Criteria MLB: Left Handed Sluggers
7
NBA Logic Puzzle 2.0
8
MLB Players with Two .350 Batting Average Seasons
9
Top 10 NHL Goal Scorers of All Time
10
Les joueurs passés par le LOSC et le RC Lens
Explore More
Trending Topics
NBA
Disney
Harry Potter
Anime
Marvel
Kpop
Crossword
The Office
Pokémon
WWE
NFL
Soccer
Country
Song
Puzzle
hide this ad
More By:
CFCJoseph
Quiz
Plays
Rating
Category
Featured
Created
Didier Drogba's Goals for Chelsea
971
4.00
Sports
Jan 27, 2012
Top 10 Movies Per Decade According to WatchMojo.com
968
3.00
Movies
Apr 19, 2014
England Managers 1st Starting Line-Ups
957
4.17
Sports
Nov 7, 2011
England Players During Euro 2012 Qualifiers
906
4.00
Sports
Oct 8, 2011
Chelsea Players in England Squads
901
5.00
Sports
Feb 17, 2012
Go to Creator's Profile
Score Distribution
Quiz Creator Spotlight
CFCJoseph
Follow
Send a Message
Quizzes Created
-
Created Quiz Play Count
-
More By This Creator
Popular Quizzes Today
1
Colored Red Africa Blitz
2
Find the 'City' Movie
3
5x2 Blitz: Bands
4
Find the US States - No Outlines Minefield
5
The Countries of the World
6
Find the US States
7
US States
8
Find the Countries of Europe - No Outlines Minefield
More Sports Quizzes
1995 NBA Champions - Houston Rockets
Quiz Lab
Trending Quizzes
Colored Red Europe Blitz I
Colored Red Europe Blitz II
Colored Red Africa Blitz II
Colored Red Europe Blitz III
Colored Red Africa Blitz III
Recently Updated
How Do You Spell That?
pecheneg
Godzilla Movies
pecheneg
Grab Bag: 4-10 Letters
pecheneg
2024 March Madness Bracket
pecheneg
Famous TV Couples
Peacemaker
Champions League XIs: Real Madrid
pecheneg
Largest US Cities 1790-2010
pecheneg
Rides in Walt Disney World
pecheneg
Most Oscar Losses (Acting)
pecheneg
Beyoncé Albums
pecheneg
Trending Topics
NBA
Kpop
Crossword
Anime
Marvel
Disney
Harry Potter
Country
WWE
The Office
Pokémon
Song
NFL
Puzzle
Soccer
Your Account Isn't Verified!
In order to create a playlist on Sporcle, you need to verify the email address you used during registration. Go to your
Sporcle Settings
to finish the process.
Report this User
Report this user for behavior that violates our
Community Guidelines
.
Details:
Send Report
Go to the Sporcle.com Mobile Site →
Comments